Phan Châu Trinh cuộc đời và tác phẩm (1872 - 1926)
Bewaard in:
| Hoofdauteur: | |
|---|---|
| Formaat: | Boek |
| Gepubliceerd in: |
Tp. Hồ Chí Minh
Tp. Hồ Chí Minh
1987
|
| Onderwerpen: | |
| Tags: |
Voeg label toe
Geen labels, Wees de eerste die dit record labelt!
|
| Thư viện lưu trữ: | Trung tâm Học liệu Lê Vũ Hùng, Trường Đại học Đồng Tháp |
|---|
| LEADER | 00768pam a22002298a 4500 | ||
|---|---|---|---|
| 001 | 00042536 | ||
| 005 | 20181003131052.0 | ||
| 008 | 170328s1999 ||||||Viesd | ||
| 041 | 0 | # | |a Vie |
| 082 | 1 | 4 | |a 895.922 13 |b PH105CH |
| 100 | 1 | # | |a Nguyễn, Quang Thắng |
| 245 | 0 | 0 | |c Nguyễn Quang Thắng |a Phan Châu Trinh cuộc đời và tác phẩm (1872 - 1926) |
| 260 | # | # | |a Tp. Hồ Chí Minh |b Tp. Hồ Chí Minh |c 1987 |
| 300 | # | # | |a 308tr. |c 19 cm. |b hình ảnh |
| 653 | # | # | |a Thơ |
| 653 | # | # | |a tác phẩm |
| 653 | # | # | |a Tiểu sử |
| 653 | # | # | |a Tác giả |
| 653 | # | # | |a Văn học Việt Nam |
| 852 | # | # | |j KD.0024277 |
| 910 | |d 03/10/2018 | ||
| 980 | # | # | |a Trung tâm Học liệu Lê Vũ Hùng, Trường Đại học Đồng Tháp |